[Event "NK 2023 kwalicificatie"]
[Site "Haarlem, Netherlands"]
[Date "2023.06.04"]
[Round "1.2"]
[White "Maatman, Nick"]
[Black "Van Orsouw, Theo"]
[Result "1-0"]
[BlackElo "1909"]
[WhiteCountry "NL"]
[WhiteElo "2362"]
[WhiteTitle "IM"]

1. d4 {[%clk 0:15:05.0]} Nf6 {[%clk 0:15:00.4]} 2. c4 {[%clk 0:15:07.0]} c5 {[%clk 0:14:52.6]} 3. d5 {[%clk 0:15:10.2]} e6 {[%clk 0:14:55.6]} 4. Nf3 {[%clk 0:15:12.8]} exd5 {[%clk 0:14:56.0]} 5. cxd5 {[%clk 0:15:16.5]} d6 {[%clk 0:14:59.4]} 6. e4 {[%clk 0:15:19.7]} g6 {[%clk 0:14:59.7]} 7. Bd3 {[%clk 0:15:22.7]} Bg7 {[%clk 0:15:00.8]} 8. h3 {[%clk 0:15:26.4]} 0-0 {[%clk 0:15:00.8]} 9. 0-0 {[%clk 0:15:29.8]} b5 {[%clk 0:14:58.5]} 10. Bxb5 {[%clk 0:15:30.0]} Nxe4 {[%clk 0:14:57.4]} 11. Re1 {[%clk 0:15:33.5]} Nf6 {[%clk 0:14:39.4]} 12. Nc3 {[%clk 0:15:35.5]} Ba6 {[%clk 0:14:33.4]} 13. a4 {[%clk 0:14:14.1]} Bxb5 {[%clk 0:14:23.6]} 14. axb5 {[%clk 0:14:17.8]} Nbd7 {[%clk 0:14:22.0]} 15. Bf4 {[%clk 0:14:19.6]} Nb6 {[%clk 0:13:55.4]} 16. Qd3 {[%clk 0:14:21.0]} Qc7 {[%clk 0:13:46.0]} 17. Ra6 {[%clk 0:14:02.6]} Rfe8 {[%clk 0:13:33.0]} 18. Rea1 {[%clk 0:14:03.7]} Nfd7 {[%clk 0:13:14.6]} 19. Nd2 {[%clk 0:13:47.1]} c4 {[%clk 0:13:09.8]} 20. Qg3 {[%clk 0:13:27.4]} Ne5 {[%clk 0:13:03.0]} 21. Nde4 {[%clk 0:13:23.3]} f5 {[%clk 0:12:35.0]} 22. Ng5 {[%clk 0:13:20.3]} Qc5 {[%clk 0:09:57.3]} 23. Be3 {[%clk 0:12:53.4]} Qb4 {[%clk 0:09:53.6]} 24. Bxb6 {[%clk 0:12:16.8]} Qxb2 {[%clk 0:09:52.9]} 25. R6a2 {[%clk 0:11:27.2]} Qb3 {[%clk 0:09:23.2]} 26. Ra3 {[%clk 0:11:30.1]} Qb2 {[%clk 0:09:19.7]} 27. Bd4 {[%clk 0:11:21.3]} h6 {[%clk 0:08:13.3]} 28. Ne6 {[%clk 0:11:23.1]} Nf3+ {[%clk 0:08:12.3]} 29. Qxf3 {[%clk 0:11:25.1]} Bxd4 {[%clk 0:08:14.4]} 30. Nxd4 {[%clk 0:11:27.2]} Re5 {[%clk 0:08:09.4]} 31. g3 {[%clk 0:11:14.5]} Rae8 {[%clk 0:07:57.0]} 32. Ne6 {[%clk 0:11:13.3]} R8xe6 {[%clk 0:07:55.4]} 33. dxe6 {[%clk 0:11:16.4]} {Black Resigned} 1-0

[Event "NK 2023 kwalicificatie"]
[Site "Haarlem, Netherlands"]
[Date "2023.06.04"]
[Round "1.3"]
[White "De Winter, Arthur"]
[Black "ten Hertog, Hugo"]
[Result "1-0"]
[BlackCountry "NL"]
[BlackElo "2526"]
[BlackTitle "GM"]
[WhiteCountry "NL"]
[WhiteElo "2378"]
[WhiteTitle "FM"]

1. e4 {[%clk 0:15:05.0]} g6 {[%clk 0:14:58.1]} 2. d4 {[%clk 0:15:07.3]} Bg7 {[%clk 0:14:55.6]} 3. Nc3 {[%clk 0:15:10.8]} d6 {[%clk 0:14:53.0]} 4. Be3 {[%clk 0:15:14.4]} a6 {[%clk 0:14:54.4]} 5. g4 {[%clk 0:15:17.9] Arbiter stopped clock for 28 seconds.} b5 {[%clk 0:13:37.4]} 6. Bg2 {[%clk 0:15:19.6]} Bb7 {[%clk 0:13:39.8]} 7. h4 {[%clk 0:15:22.7]} h5 {[%clk 0:13:43.0]} 8. gxh5 {[%clk 0:15:25.6]} Rxh5 {[%clk 0:13:46.1]} 9. Bf3 {[%clk 0:15:28.7]} Rh8 {[%clk 0:13:48.9]} 10. h5 {[%clk 0:15:32.9]} gxh5 {[%clk 0:13:48.5]} 11. e5 {[%clk 0:13:21.2]} Qc8 {[%clk 0:13:23.9]} 12. Bxb7 {[%clk 0:12:12.3]} Qxb7 {[%clk 0:13:26.9]} 13. Rxh5 {[%clk 0:12:16.0]} b4 {[%clk 0:12:28.2]} 14. Rxh8 {[%clk 0:11:50.2]} Bxh8 {[%clk 0:12:30.9]} 15. Qh5 {[%clk 0:11:54.0]} Qg2 {[%clk 0:11:41.0]} 16. Nce2 {[%clk 0:10:02.1]} Bg7 {[%clk 0:11:40.1]} 17. 0-0-0 {[%clk 0:09:34.3]} Qd5 {[%clk 0:09:40.1]} 18. Qg4 {[%clk 0:09:20.0]} Nc6 {[%clk 0:09:00.4]} 19. Qxg7 {[%clk 0:09:13.7]} 0-0-0 {[%clk 0:09:03.9]} 20. exd6 {[%clk 0:07:16.2]} Qxa2 {[%clk 0:08:55.6]} 21. Qg4+ {[%clk 0:07:11.7]} e6 {[%clk 0:08:27.2]} 22. d5 {[%clk 0:06:01.7]} Nf6 {[%clk 0:07:43.4]} 23. Qh4 {[%clk 0:04:18.7]} Nxd5 {[%clk 0:07:36.5]} 24. Kd2 {[%clk 0:03:52.6]} Rxd6 {[%clk 0:06:18.7]} 25. Ke1 {[%clk 0:03:46.1]} Qxb2 {[%clk 0:05:26.9]} 26. Bc5 {[%clk 0:03:37.4]} Rd8 {[%clk 0:05:27.6]} 27. Qc4 {[%clk 0:03:37.2]} Kb7 {[%clk 0:05:29.0]} 28. Nf3 {[%clk 0:03:06.3]} Rh8 {[%clk 0:05:01.1]} 29. Bd4 {[%clk 0:03:03.5]} Nxd4 {[%clk 0:04:54.6]} 30. Nfxd4 {[%clk 0:03:04.4]} Rh1+ {[%clk 0:03:51.0]} 31. Kd2 {[%clk 0:03:07.0]} Rh4 {[%clk 0:03:49.9]} 32. Qc6+ {[%clk 0:02:57.2]} Kb8 {[%clk 0:03:51.4]} 33. Qc4 {[%clk 0:02:31.6]} Kb7 {[%clk 0:03:04.0]} 34. Rg1 {[%clk 0:02:07.3]} Rh8 {[%clk 0:01:40.9]} 35. Rg7 {[%clk 0:01:54.7]} Rd8 {[%clk 0:01:14.2]} 36. Rxf7 {[%clk 0:01:31.8]} e5 {[%clk 0:00:59.7]} 37. Qc6+ {[%clk 0:00:24.4]} Kb8 {[%clk 0:01:03.2]} 38. Rd7 {[%clk 0:00:19.9]} Rxd7 {[%clk 0:00:38.1]} 39. Qxd7 {[%clk 0:00:22.4]} Nb6 {[%clk 0:00:33.5]} 40. Nc6+ {[%clk 0:00:19.7]} Kb7 {[%clk 0:00:37.4]} 41. Na5+ {[%clk 0:00:22.4]} Kb8 {[%clk 0:00:36.5]} 42. Qc6 {[%clk 0:00:19.5]} {Black Resigned} 1-0

[Event "NK 2023 kwalicificatie"]
[Site "Haarlem, Netherlands"]
[Date "2023.06.04"]
[Round "1.4"]
[White "Beerdsen, Thomas"]
[Black "Pijpers, Arthur"]
[Result "1/2-1/2"]
[BlackElo "2465"]
[WhiteCountry "NL"]
[WhiteElo "2520"]
[WhiteTitle "IM"]

1. e4 {[%clk 0:15:05.0]} c5 {[%clk 0:15:02.7]} 2. Nf3 {[%clk 0:15:05.6]} d6 {[%clk 0:15:06.1]} 3. Nc3 {[%clk 0:15:08.4]} e5 {[%clk 0:14:52.6]} 4. Bc4 {[%clk 0:15:07.4]} Be7 {[%clk 0:14:45.4]} 5. d3 {[%clk 0:15:08.9]} Nf6 {[%clk 0:14:48.7]} 6. Nd2 {[%clk 0:14:58.7]} Bg4 {[%clk 0:14:48.6]} 7. Ne2 {[%clk 0:14:23.7]} Nc6 {[%clk 0:14:08.4]} 8. c3 {[%clk 0:13:42.0]} 0-0 {[%clk 0:13:59.2]} 9. h3 {[%clk 0:13:41.7]} Be6 {[%clk 0:13:40.4]} 10. Bxe6 {[%clk 0:13:38.0]} fxe6 {[%clk 0:13:39.4]} 11. Ng3 {[%clk 0:13:34.2]} Qd7 {[%clk 0:12:55.4]} 12. 0-0 {[%clk 0:13:35.1]} b5 {[%clk 0:12:53.6]} 13. a4 {[%clk 0:13:37.9]} a6 {[%clk 0:12:49.0]} 14. Re1 {[%clk 0:12:51.9]} d5 {[%clk 0:11:50.5]} 15. Nf3 {[%clk 0:12:45.8]} Bd6 {[%clk 0:11:44.6]} 16. Qb3 {[%clk 0:12:37.8]} c4 {[%clk 0:11:36.3]} 17. Qc2 {[%clk 0:11:41.1]} Rae8 {[%clk 0:11:03.2]} 18. axb5 {[%clk 0:11:39.5]} axb5 {[%clk 0:11:05.4]} 19. b3 {[%clk 0:11:22.3]} cxb3 {[%clk 0:10:12.0]} 20. Qxb3 {[%clk 0:11:24.5]} b4 {[%clk 0:10:15.9]} 21. Bg5 {[%clk 0:08:43.6]} bxc3 {[%clk 0:09:14.9]} 22. Bxf6 {[%clk 0:08:44.6]} Rb8 {[%clk 0:08:15.8]} 23. Qxc3 {[%clk 0:06:32.3]} Bb4 {[%clk 0:07:47.4]} 24. Nxe5 {[%clk 0:06:09.9]} Nxe5 {[%clk 0:07:49.4]} 25. Qxe5 {[%clk 0:06:13.1]} gxf6 {[%clk 0:07:53.1]} 26. Qf4 {[%clk 0:05:54.9]} Bxe1 {[%clk 0:07:55.2]} 27. Rxe1 {[%clk 0:05:58.2]} d4 {[%clk 0:07:09.2]} 28. e5 {[%clk 0:05:47.0]} f5 {[%clk 0:06:49.1]} 29. Nh5 {[%clk 0:05:41.8]} Kh8 {[%clk 0:06:51.5]} 30. Nf6 {[%clk 0:05:35.7]} Qa7 {[%clk 0:06:43.6]} 31. Qh6 {[%clk 0:05:20.5]} Qg7 {[%clk 0:06:28.8]} 32. Qxg7+ {[%clk 0:05:20.1]} Kxg7 {[%clk 0:06:32.0]} 33. Nd7 {[%clk 0:05:24.1]} Rb3 {[%clk 0:06:23.8]} 34. Nc5 {[%clk 0:05:26.1]} Rb6 {[%clk 0:06:22.6]} 35. Nd7 {[%clk 0:05:30.0]} Rb3 {[%clk 0:06:23.1]} 36. Nxf8 {[%clk 0:05:05.4]} Kxf8 {[%clk 0:06:25.8]} 37. Rd1 {[%clk 0:05:07.8]} f4 {[%clk 0:04:18.9]} 38. g4 {[%clk 0:04:00.2]} fxg3 {[%clk 0:04:13.3]} 39. fxg3 {[%clk 0:04:03.3]} Rb5 {[%clk 0:04:16.9]} 40. Rf1+ {[%clk 0:03:36.1]} Kg7 {[%clk 0:04:17.5]} 41. Rf4 {[%clk 0:03:37.8]} Rxe5 {[%clk 0:04:20.7]} 42. Rxd4 {[%clk 0:03:40.6]} Re2 {[%clk 0:04:24.3]} 43. Re4 {[%clk 0:03:24.7]} Rd2 {[%clk 0:04:23.2]} 44. d4 {[%clk 0:03:10.3]} Kf6 {[%clk 0:04:23.2]} 45. g4 {[%clk 0:03:02.7]} h6 {[%clk 0:04:17.6]} 46. h4 {[%clk 0:02:54.5]} Ra2 {[%clk 0:04:17.2]} 47. Rf4+ {[%clk 0:02:41.7]} Kg6 {[%clk 0:04:06.3]} 48. Rf2 {[%clk 0:02:44.1]} Ra4 {[%clk 0:04:01.0]} 49. Rd2 {[%clk 0:02:42.6]} e5 {[%clk 0:03:10.8]} 50. h5+ {[%clk 0:01:23.5]} Kg5 {[%clk 0:02:54.5]} 51. dxe5 {[%clk 0:01:21.0]} Rxg4+ {[%clk 0:02:51.1]} 52. Kf2 {[%clk 0:01:06.2]} Kxh5 {[%clk 0:02:09.2]} 53. Kf3 {[%clk 0:00:50.0]} Kg5 {[%clk 0:02:02.7]} 54. Rd8 {[%clk 0:00:23.7]} Rf4+ {[%clk 0:01:17.9]} 55. Ke3 {[%clk 0:00:23.0]} Rf1 {[%clk 0:01:18.6]} 56. Rg8+ {[%clk 0:00:24.3]} Kh4 {[%clk 0:01:21.4]} 57. Kd4 {[%clk 0:00:21.0]} h5 {[%clk 0:01:17.6]} 58. e6 {[%clk 0:00:23.8]} Re1 {[%clk 0:01:18.9]} 59. Kd5 {[%clk 0:00:26.4]} Rd1+ {[%clk 0:00:45.3]} 60. Kc6 {[%clk 0:00:15.0]} Re1 {[%clk 0:00:45.9]} 61. Kd6 {[%clk 0:00:13.7]} Rd1+ {[%clk 0:00:46.5]} 62. Ke5 {[%clk 0:00:17.2]} Kh3 {[%clk 0:00:44.0]} 63. e7 {[%clk 0:00:17.7]} Re1+ {[%clk 0:00:46.5]} 64. Kf6 {[%clk 0:00:21.4]} h4 {[%clk 0:00:48.3]} 65. e8=Q {[%clk 0:00:14.3]} Rxe8 {[%clk 0:00:51.8]} 66. Rxe8 {[%clk 0:00:18.3]} Kg2 {[%clk 0:00:55.9]} 67. Rg8+ {[%clk 0:00:18.5]} Kf3 {[%clk 0:00:57.4]} 68. Rh8 {[%clk 0:00:16.4]} Kg3 {[%clk 0:01:00.6]} 69. Rg8+ {[%clk 0:00:19.2]} Kf3 {[%clk 0:01:03.7]} 70. Kg5 {[%clk 0:00:11.0]} h3 {[%clk 0:01:06.1]} 71. Ra8 {[%clk 0:00:09.7]} h2 {[%clk 0:01:03.4]} 72. Ra3+ {[%clk 0:00:11.5]} Kg2 {[%clk 0:01:06.7]} 73. Ra2+ {[%clk 0:00:15.1]} Kg1 {[%clk 0:01:10.0]} 74. Kg4 {[%clk 0:00:17.2]} h1=Q {[%clk 0:01:10.7]} 75. Ra1+ {[%clk 0:00:20.8]} Kg2 {[%clk 0:01:14.6]} 76. Rxh1 {[%clk 0:00:24.0]} Kxh1 {[%clk 0:01:18.7]} {Draw by Insufficient Material} 1/2-1/2

[Event "NK 2023 kwalicificatie"]
[Site "Haarlem, Netherlands"]
[Date "2023.06.04"]
[Round "1.5"]
[White "Baselmans, Luuk"]
[Black "Slagboom, Leandro"]
[Result "1/2-1/2"]
[BlackCountry "NL"]
[BlackElo "2270"]
[WhiteElo "2338"]

1. e4 {[%clk 0:15:05.0]} e5 {[%clk 0:15:02.9]} 2. Nf3 {[%clk 0:15:08.3]} Nc6 {[%clk 0:15:05.6]} 3. Bc4 {[%clk 0:15:11.7]} Bc5 {[%clk 0:15:08.0]} 4. 0-0 {[%clk 0:15:15.0]} Nf6 {[%clk 0:15:04.1]} 5. d4 {[%clk 0:15:18.0]} Bxd4 {[%clk 0:14:47.3]} 6. Nxd4 {[%clk 0:15:20.9]} Nxd4 {[%clk 0:14:50.1]} 7. Bg5 {[%clk 0:15:23.5]} h6 {[%clk 0:13:58.3]} 8. Bh4 {[%clk 0:15:25.2]} d6 {[%clk 0:14:00.9]} 9. f4 {[%clk 0:15:14.7]} Bg4 {[%clk 0:13:58.9]} 10. Bxf6 {[%clk 0:14:30.4]} Bxd1 {[%clk 0:14:00.8]} 11. Bxd8 {[%clk 0:14:33.7]} Rxd8 {[%clk 0:13:00.5]} 12. Rxd1 {[%clk 0:12:09.1]} Nxc2 {[%clk 0:13:02.2]} 13. Nc3 {[%clk 0:12:11.9]} Nxa1 {[%clk 0:13:05.0]} 14. Rxa1 {[%clk 0:12:14.7]} exf4 {[%clk 0:12:56.0]} 15. Nd5 {[%clk 0:12:02.0]} Kd7 {[%clk 0:12:00.4]} 16. Nxf4 {[%clk 0:11:15.6]} Rhe8 {[%clk 0:10:17.5]} 17. Bd3 {[%clk 0:11:03.8]} Re5 {[%clk 0:09:44.8]} 18. Rf1 {[%clk 0:10:16.9]} c6 {[%clk 0:08:24.7]} 19. g4 {[%clk 0:09:35.3]} g6 {[%clk 0:07:52.1]} 20. h4 {[%clk 0:09:25.7]} Ke7 {[%clk 0:07:10.7]} 21. Kg2 {[%clk 0:08:13.0]} g5 {[%clk 0:05:14.7]} 22. hxg5 {[%clk 0:07:47.6]} hxg5 {[%clk 0:05:17.3]} 23. Nh5 {[%clk 0:06:55.9]} d5 {[%clk 0:05:18.3]} 24. exd5 {[%clk 0:06:58.6]} Rdxd5 {[%clk 0:03:23.9]} 25. Rf3 {[%clk 0:05:39.2]} Rd4 {[%clk 0:02:59.7]} 26. Kg3 {[%clk 0:05:23.7]} Red5 {[%clk 0:02:17.8]} 27. Bf1 {[%clk 0:05:07.0]} b5 {[%clk 0:01:50.5]} 28. Re3+ {[%clk 0:04:44.0]} Kd6 {[%clk 0:01:25.3]} 29. Nf6 {[%clk 0:03:16.3]} Re5 {[%clk 0:01:28.3]} 30. Ne8+ {[%clk 0:03:13.9]} Ke6 {[%clk 0:00:49.9]} 31. Ng7+ {[%clk 0:02:44.4]} Kf6 {[%clk 0:00:53.9]} 32. Nh5+ {[%clk 0:02:38.1]} Ke6 {[%clk 0:00:57.8]} 33. Ng7+ {[%clk 0:02:41.6]} Kf6 {[%clk 0:01:00.0]} 34. Nh5+ {[%clk 0:02:45.0]} Ke6 {[%clk 0:01:04.0]} 35. Ng7+ {[%clk 0:02:48.6]} {Draw by Repetition} 1/2-1/2

[Event "NK 2023 kwalicificatie"]
[Site "Haarlem, Netherlands"]
[Date "2023.06.04"]
[Round "2.2"]
[White "Pijpers, Arthur"]
[Black "Baselmans, Luuk"]
[Result "1-0"]
[BlackElo "2338"]
[WhiteElo "2465"]

1. e4 {[%clk 0:15:05.0]} e6 {[%clk 0:15:02.9]} 2. d4 {[%clk 0:15:08.0]} d5 {[%clk 0:15:06.6]} 3. Nc3 {[%clk 0:15:11.6]} Nf6 {[%clk 0:15:10.5]} 4. e5 {[%clk 0:15:15.0]} Nfd7 {[%clk 0:15:14.0]} 5. f4 {[%clk 0:15:18.8]} c5 {[%clk 0:15:17.9]} 6. Nf3 {[%clk 0:15:22.6]} Nc6 {[%clk 0:15:21.1]} 7. Be3 {[%clk 0:15:26.2]} a6 {[%clk 0:15:24.7]} 8. Ne2 {[%clk 0:15:28.0]} b5 {[%clk 0:15:07.9]} 9. c3 {[%clk 0:15:30.3]} Be7 {[%clk 0:14:35.2]} 10. Ng3 {[%clk 0:14:20.1]} h5 {[%clk 0:13:29.8]} 11. Bd3 {[%clk 0:14:09.9]} h4 {[%clk 0:13:29.5]} 12. Ne2 {[%clk 0:14:13.0]} c4 {[%clk 0:13:21.2]} 13. Bc2 {[%clk 0:14:14.1]} g6 {[%clk 0:13:19.7]} 14. 0-0 {[%clk 0:14:13.4]} a5 {[%clk 0:13:13.0]} 15. b3 {[%clk 0:13:48.7]} Nb6 {[%clk 0:13:03.0]} 16. Kh1 {[%clk 0:13:29.6]} Ba6 {[%clk 0:12:24.8]} 17. Ng5 {[%clk 0:12:47.6]} Qd7 {[%clk 0:11:49.6]} 18. Ng1 {[%clk 0:11:59.0]} b4 {[%clk 0:11:43.2]} 19. Qg4 {[%clk 0:09:40.9]} Bxg5 {[%clk 0:11:03.0]} 20. Qxg5 {[%clk 0:09:25.1]} cxb3 {[%clk 0:10:40.5]} 21. axb3 {[%clk 0:09:06.6]} Bxf1 {[%clk 0:10:40.1]} 22. Rxf1 {[%clk 0:09:10.1]} Qe7 {[%clk 0:10:30.8]} 23. Qg4 {[%clk 0:09:13.6]} bxc3 {[%clk 0:10:25.0]} 24. Bd3 {[%clk 0:08:39.8]} Nb4 {[%clk 0:10:11.2]} 25. Bb5+ {[%clk 0:08:42.4]} Kf8 {[%clk 0:10:15.2]} 26. Nf3 {[%clk 0:08:40.0]} a4 {[%clk 0:09:12.6]} 27. bxa4 {[%clk 0:08:32.6]} Nxa4 {[%clk 0:09:10.3]} 28. Rc1 {[%clk 0:07:48.7]} Na2 {[%clk 0:08:16.0]} 29. Rc2 {[%clk 0:07:41.7]} Qb4 {[%clk 0:08:15.5]} 30. Bd3 {[%clk 0:06:41.1]} Nb2 {[%clk 0:07:24.1]} 31. Bxg6 {[%clk 0:06:27.8]} Rg8 {[%clk 0:06:30.4]} 32. Nxh4 {[%clk 0:05:43.3]} Nc4 {[%clk 0:06:27.7]} 33. Bg1 {[%clk 0:05:04.8]} Qb1 {[%clk 0:05:23.7]} 34. Qh5 {[%clk 0:04:35.6]} fxg6 {[%clk 0:04:32.3]} 35. Nxg6+ {[%clk 0:04:37.6]} Kg7 {[%clk 0:04:19.4]} 36. f5 {[%clk 0:03:31.5]} exf5 {[%clk 0:03:59.2]} 37. Qg5 {[%clk 0:03:10.4]} Kh7 {[%clk 0:02:15.0]} 38. Qh5+ {[%clk 0:03:07.8]} Kg7 {[%clk 0:02:18.3]} 39. Qg5 {[%clk 0:03:11.1]} Qxc2 {[%clk 0:01:15.3]} 40. Nf4+ {[%clk 0:03:13.4]} Kh7 {[%clk 0:01:16.2]} 41. Qh5+ {[%clk 0:03:15.0]} Kg7 {[%clk 0:01:19.2]} 42. Qg6+ {[%clk 0:03:18.9]} Kf8 {[%clk 0:01:19.3]} 43. Qf6+ {[%clk 0:03:01.2]} Ke8 {[%clk 0:01:22.6]} 44. Qe6+ {[%clk 0:03:01.8]} Kf8 {[%clk 0:01:20.2]} 45. Qf6+ {[%clk 0:03:04.0]} Ke8 {[%clk 0:01:23.8]} 46. Qc6+ {[%clk 0:02:46.2]} Kf7 {[%clk 0:00:52.2]} 47. Qd7+ {[%clk 0:02:43.9]} Kf8 {[%clk 0:00:45.9]} 48. Ne6# {[%clk 0:02:47.0]} 1-0

[Event "NK 2023 kwalicificatie"]
[Site "Haarlem, Netherlands"]
[Date "2023.06.04"]
[Round "2.3"]
[White "ten Hertog, Hugo"]
[Black "Beerdsen, Thomas"]
[Result "0-1"]
[BlackCountry "NL"]
[BlackElo "2520"]
[BlackTitle "IM"]
[WhiteCountry "NL"]
[WhiteElo "2526"]
[WhiteTitle "GM"]

1. c4 {[%clk 0:15:05.0]} c6 {[%clk 0:14:54.4]} 2. e3 {[%clk 0:15:01.1]} Nf6 {[%clk 0:14:52.5]} 3. b3 {[%clk 0:15:02.6]} d5 {[%clk 0:14:53.8]} 4. Bb2 {[%clk 0:15:06.1]} a6 {[%clk 0:14:43.9]} 5. Be2 {[%clk 0:14:50.3]} Bf5 {[%clk 0:14:43.7]} 6. Nf3 {[%clk 0:14:43.7]} e6 {[%clk 0:14:46.6]} 7. Nh4 {[%clk 0:13:50.5]} Bg6 {[%clk 0:14:34.1]} 8. Nc3 {[%clk 0:13:53.1]} Nbd7 {[%clk 0:14:33.8]} 9. 0-0 {[%clk 0:13:43.2]} Bd6 {[%clk 0:14:11.7]} 10. f4 {[%clk 0:13:32.1]} 0-0 {[%clk 0:11:44.6]} 11. f5 {[%clk 0:12:56.6]} exf5 {[%clk 0:11:41.2]} 12. Nxf5 {[%clk 0:12:59.2]} Be5 {[%clk 0:11:26.1]} 13. d4 {[%clk 0:12:37.4]} Bc7 {[%clk 0:11:26.4]} 14. Bd3 {[%clk 0:12:24.9]} Re8 {[%clk 0:11:26.9]} 15. cxd5 {[%clk 0:11:11.6]} cxd5 {[%clk 0:11:27.7]} 16. Qf3 {[%clk 0:09:32.6]} Nf8 {[%clk 0:10:25.5]} 17. Rae1 {[%clk 0:09:22.0]} Re6 {[%clk 0:09:42.1]} 18. e4 {[%clk 0:09:08.8]} Bh5 {[%clk 0:09:28.1]} 19. Qh3 {[%clk 0:08:04.0]} Bg4 {[%clk 0:09:27.5]} 20. Qe3 {[%clk 0:06:50.3]} Bxf5 {[%clk 0:09:19.5]} 21. Rxf5 {[%clk 0:06:53.3]} Bxh2+ {[%clk 0:09:18.4]} 22. Kf1 {[%clk 0:05:25.6]} dxe4 {[%clk 0:09:11.7]} 23. Nxe4 {[%clk 0:05:24.6]} Nxe4 {[%clk 0:08:58.2]} 24. Bxe4 {[%clk 0:05:27.9]} Qh4 {[%clk 0:08:53.1]} 25. d5 {[%clk 0:05:18.8]} Rg6 {[%clk 0:08:14.7]} 26. Qf3 {[%clk 0:03:02.9]} Rg4 {[%clk 0:06:18.9]} 27. Rxf7 {[%clk 0:01:45.0]} Bg3 {[%clk 0:05:55.1]} 28. Rd1 {[%clk 0:00:19.7]} Re8 {[%clk 0:05:55.9]} 29. Rxf8+ {[%clk 0:00:07.3]} Rxf8 {[%clk 0:05:59.1]} 30. Bf5 {[%clk 0:00:11.3]} Rf4 {[%clk 0:06:01.5]} {White Resigned} 0-1

[Event "NK 2023 kwalicificatie"]
[Site "Haarlem, Netherlands"]
[Date "2023.06.04"]
[Round "2.4"]
[White "Van Orsouw, Theo"]
[Black "De Winter, Arthur"]
[Result "0-1"]
[BlackCountry "NL"]
[BlackElo "2378"]
[BlackTitle "FM"]
[WhiteElo "1909"]

1. c4 {[%clk 0:15:05.0]} Nf6 {[%clk 0:15:03.6]} 2. Nc3 {[%clk 0:15:00.8]} g6 {[%clk 0:15:07.0]} 3. d4 {[%clk 0:14:56.7]} d6 {[%clk 0:15:09.5]} 4. e4 {[%clk 0:14:59.6]} Bg7 {[%clk 0:15:13.4]} 5. f3 {[%clk 0:15:01.5]} 0-0 {[%clk 0:15:16.7]} 6. Be3 {[%clk 0:15:00.7]} c5 {[%clk 0:15:14.3]} 7. dxc5 {[%clk 0:14:57.7]} dxc5 {[%clk 0:15:02.6]} 8. Qxd8 {[%clk 0:14:57.5]} Rxd8 {[%clk 0:15:06.6]} 9. Bxc5 {[%clk 0:14:58.6]} Nc6 {[%clk 0:15:10.7]} 10. Nd5 {[%clk 0:14:58.6]} Nd7 {[%clk 0:14:51.0]} 11. Nxe7+ {[%clk 0:14:38.6]} Nxe7 {[%clk 0:14:52.2]} 12. Bxe7 {[%clk 0:14:38.8]} Bxb2 {[%clk 0:14:55.7]} 13. Rb1 {[%clk 0:14:26.0]} Bc3+ {[%clk 0:14:30.3]} 14. Kf2 {[%clk 0:14:24.7]} Bd4+ {[%clk 0:14:33.7]} 15. Ke1 {[%clk 0:14:22.2]} Bc3+ {[%clk 0:13:49.1]} 16. Kf2 {[%clk 0:14:17.5]} Re8 {[%clk 0:13:53.2]} 17. Ba3 {[%clk 0:13:53.6]} Ne5 {[%clk 0:11:18.4]} 18. Be2 {[%clk 0:13:35.8]} b6 {[%clk 0:10:21.6]} 19. Nh3 {[%clk 0:12:49.3]} Be6 {[%clk 0:10:15.8]} 20. Rhc1 {[%clk 0:12:17.9]} Bd4+ {[%clk 0:10:14.6]} 21. Kf1 {[%clk 0:12:16.2]} Rac8 {[%clk 0:10:18.0]} 22. Nf4 {[%clk 0:11:11.2]} Be3 {[%clk 0:09:36.9]} 23. Nxe6 {[%clk 0:10:19.5]} Bxc1 {[%clk 0:09:39.3]} 24. Rxc1 {[%clk 0:10:12.0]} Rxe6 {[%clk 0:09:42.1]} 25. f4 {[%clk 0:09:49.8]} Nd7 {[%clk 0:09:25.7]} 26. Bg4 {[%clk 0:09:06.4]} f5 {[%clk 0:09:25.5]} 27. exf5 {[%clk 0:09:06.0]} Re4 {[%clk 0:09:28.3]} 28. g3 {[%clk 0:08:48.7]} Nf6 {[%clk 0:09:12.4]} 29. Bf3 {[%clk 0:08:29.4]} Re3 {[%clk 0:09:13.9]} 30. Bb7 {[%clk 0:08:05.3]} Rc7 {[%clk 0:09:03.4]} 31. Bb2 {[%clk 0:07:53.4]} Rxb7 {[%clk 0:09:02.6]} 32. Bxf6 {[%clk 0:07:54.3]} gxf5 {[%clk 0:09:06.7]} 33. Kf2 {[%clk 0:07:50.8]} Re4 {[%clk 0:08:26.9]} 34. Be5 {[%clk 0:07:46.5]} Rd7 {[%clk 0:08:24.2]} 35. Rc2 {[%clk 0:07:43.9]} Rd8 {[%clk 0:08:14.4]} 36. Kg2 {[%clk 0:06:50.2]} Kf7 {[%clk 0:07:32.3]} 37. Kf2 {[%clk 0:06:47.4]} Rc8 {[%clk 0:07:33.8]} 38. Rd2 {[%clk 0:06:42.2]} Ke7 {[%clk 0:07:33.6]} 39. Rd6 {[%clk 0:06:34.2]} Rcxc4 {[%clk 0:07:10.1]} 40. Rh6 {[%clk 0:06:26.9]} Rc2+ {[%clk 0:07:08.3]} 41. Kf3 {[%clk 0:05:33.1]} Ra4 {[%clk 0:07:07.5]} 42. Rxh7+ {[%clk 0:05:28.9]} Ke6 {[%clk 0:06:33.8]} 43. Rh6+ {[%clk 0:05:26.2]} Kd5 {[%clk 0:06:29.5]} 44. Rd6+ {[%clk 0:04:52.0]} Kc5 {[%clk 0:06:31.6]} 45. Rd3 {[%clk 0:04:44.8]} Raxa2 {[%clk 0:06:34.2]} 46. g4 {[%clk 0:03:15.5]} Rxh2 {[%clk 0:06:03.4]} 47. gxf5 {[%clk 0:03:08.7]} Rh3+ {[%clk 0:06:05.9]} 48. Ke4 {[%clk 0:03:11.4]} Re2+ {[%clk 0:06:09.2]} 49. Re3 {[%clk 0:03:13.0]} Rexe3# {[%clk 0:06:12.7]} 0-1

[Event "NK 2023 kwalicificatie"]
[Site "Haarlem, Netherlands"]
[Date "2023.06.04"]
[Round "2.5"]
[White "Timmermans, Mark"]
[Black "Maatman, Nick"]
[Result "1-0"]
[BlackCountry "NL"]
[BlackElo "2362"]
[BlackTitle "IM"]
[WhiteCountry "NL"]
[WhiteElo "2402"]
[WhiteTitle "IM"]

1. e4 {[%clk 0:15:05.0]} c5 {[%clk 0:15:00.5]} 2. Nf3 {[%clk 0:15:06.0]} Nc6 {[%clk 0:15:03.6]} 3. d4 {[%clk 0:15:00.4]} cxd4 {[%clk 0:15:07.4]} 4. Nxd4 {[%clk 0:15:04.2]} Nf6 {[%clk 0:15:11.4]} 5. Nc3 {[%clk 0:15:08.0]} d6 {[%clk 0:15:15.3]} 6. Bg5 {[%clk 0:15:06.3]} Bd7 {[%clk 0:15:18.6]} 7. Qd2 {[%clk 0:14:45.1]} a6 {[%clk 0:15:20.5]} 8. f3 {[%clk 0:14:47.0]} e6 {[%clk 0:15:21.9]} 9. 0-0-0 {[%clk 0:14:50.3]} h6 {[%clk 0:15:25.4]} 10. Be3 {[%clk 0:13:05.2]} Be7 {[%clk 0:15:28.5]} 11. Kb1 {[%clk 0:13:07.0]} b5 {[%clk 0:15:10.3]} 12. g4 {[%clk 0:13:06.9]} Rb8 {[%clk 0:14:05.0]} 13. h4 {[%clk 0:12:46.9]} Qc7 {[%clk 0:14:04.3]} 14. Nxc6 {[%clk 0:12:27.9]} Bxc6 {[%clk 0:14:05.3]} 15. Bg2 {[%clk 0:12:28.8]} b4 {[%clk 0:13:14.1]} 16. Ne2 {[%clk 0:12:30.9]} d5 {[%clk 0:13:17.7]} 17. e5 {[%clk 0:10:24.8]} Nd7 {[%clk 0:13:19.4]} 18. f4 {[%clk 0:10:28.8]} h5 {[%clk 0:12:56.2]} 19. Nd4 {[%clk 0:09:20.6]} Nc5 {[%clk 0:11:34.9]} 20. f5 {[%clk 0:09:23.2]} Bd7 {[%clk 0:09:58.1]} 21. Bg5 {[%clk 0:09:21.8]} hxg4 {[%clk 0:08:39.1]} 22. Bxe7 {[%clk 0:09:21.3]} Kxe7 {[%clk 0:08:43.1]} 23. fxe6 {[%clk 0:08:55.9]} Bxe6 {[%clk 0:08:31.7]} 24. Bxd5 {[%clk 0:07:10.8]} Bxd5 {[%clk 0:07:58.6]} 25. Nf5+ {[%clk 0:07:12.7]} Kf8 {[%clk 0:08:02.2]} 26. Qxd5 {[%clk 0:07:16.0]} Ne6 {[%clk 0:07:10.5]} 27. Nd6 {[%clk 0:06:38.2]} Qc5 {[%clk 0:04:54.0]} 28. Qe4 {[%clk 0:06:40.2]} Rh5 {[%clk 0:04:53.1]} 29. Rhf1 {[%clk 0:04:55.6]} Qxe5 {[%clk 0:04:44.6]} 30. Rxf7+ {[%clk 0:03:35.9]} Kg8 {[%clk 0:04:47.6]} 31. Qxg4 {[%clk 0:03:39.8]} Rd8 {[%clk 0:04:39.7]} 32. Rff1 {[%clk 0:03:43.4]} Rh6 {[%clk 0:04:24.3]} 33. Nf7 {[%clk 0:03:40.2]} Rxd1+ {[%clk 0:03:56.6]} 34. Qxd1 {[%clk 0:03:43.6]} Qh5 {[%clk 0:03:40.3]} 35. Nxh6+ {[%clk 0:03:39.9]} Qxh6 {[%clk 0:03:44.5]} 36. Qg4 {[%clk 0:03:41.1]} Qe3 {[%clk 0:03:43.9]} 37. Qxb4 {[%clk 0:03:42.6]} {Black Resigned} 1-0